| 000 | 00622nam a22001937a 4500 | ||
|---|---|---|---|
| 999 |
_c172983 _d172983 |
||
| 005 | 20200217121255.0 | ||
| 010 | _aA-70259 | ||
| 020 |
_c250.00 _a8187667605 |
||
| 035 | _aA-70259 | ||
| 037 | _bBPPD/Pub. | ||
| 082 | _aک | ||
| 100 | _aقرت العین حیدر | ||
| 245 |
_aشاہراہ حیدر / _cقرت العین حیدر |
||
| 246 |
_aShahrah-E-Hareer (Kare Jahan Daraz Hai vol.III) / _bby Qurratul-Ain-Hyder |
||
| 260 |
_aDelhi _bEducational Publishing House _c2003 ء |
||
| 270 |
_a3108, Gali Vakil, Kucha Pandit, Lal Kuan _bDelhi _e110006 |
||
| 300 |
_a320p. _c23cm(Hb) |
||
| 942 |
_2ddc _cUR _hک _mق ر ت |
||